Tort : cases and materials / (Record no. 400)

MARC details
000 -LEADER
fixed length control field 00848cam a2200277 i 4500
001 - CONTROL NUMBER
control field 3638183
003 - CONTROL NUMBER IDENTIFIER
control field OSt
005 - DATE AND TIME OF LATEST TRANSACTION
control field 20150612170810.0
008 - FIXED-LENGTH DATA ELEMENTS--GENERAL INFORMATION
fixed length control field 750311s1974 enk b 001 0 eng
010 ## - LIBRARY OF CONGRESS CONTROL NUMBER
LC control number 75305270
015 ## - NATIONAL BIBLIOGRAPHY NUMBER
National bibliography number GB***
020 ## - INTERNATIONAL STANDARD BOOK NUMBER
International Standard Book Number 0406594805 :
Terms of availability £8.00.
International Standard Book Number 0406594813
040 ## - CATALOGING SOURCE
Original cataloging agency DLC
Transcribing agency DLC
Modifying agency DLC
043 ## - GEOGRAPHIC AREA CODE
Geographic area code e-uk---
050 00 - LIBRARY OF CONGRESS CALL NUMBER
Classification number KD1948
Item number .H46
082 00 - DEWEY DECIMAL CLASSIFICATION NUMBER
Classification number 346.03 HEP
100 1# - MAIN ENTRY--PERSONAL NAME
Personal name Hepple, B. A.
9 (RLIN) 1165
245 10 - TITLE STATEMENT
Title Tort : cases and materials /
Statement of responsibility, etc B. A. Hepple and M. H. Matthews.
260 ## - PUBLICATION, DISTRIBUTION, ETC. (IMPRINT)
Place of publication, distribution, etc London :
Name of publisher, distributor, etc Butterworths,
Date of publication, distribution, etc 1974.
300 ## - PHYSICAL DESCRIPTION
Extent xxxiii, 747 p. ;
Dimensions 26 cm.
504 ## - BIBLIOGRAPHY, ETC. NOTE
Bibliography, etc Includes bibliographical references and index.
650 #0 - SUBJECT ADDED ENTRY--TOPICAL TERM
Topical term or geographic name as entry element Torts
Geographic subdivision Great Britain
General subdivision Cases.
9 (RLIN) 1166
700 1# - ADDED ENTRY--PERSONAL NAME
Personal name Matthews, M. H.
Fuller form of name (Martin Hubie),
Relator term joint author.
9 (RLIN) 1167
906 ## - LOCAL DATA ELEMENT F, LDF (RLIN)
a 7
b cbc
c orignew
d 3
e ncip
f 19
g y-gencatlg
942 ## - ADDED ENTRY ELEMENTS (KOHA)
Source of classification or shelving scheme Dewey Decimal Classification
Koha item type Books
Holdings
Withdrawn status Lost status Source of classification or shelving scheme Damaged status Not for loan Home library Current library Shelving location Date acquired Total Checkouts Full call number Barcode Date last seen Price effective from Koha item type
    Dewey Decimal Classification     Law Development Centre Main Library Law Development Centre Main Library Text Books and Laws 04/19/2011   346.03 HEP 2011/2336 04/19/2011 04/19/2011 Books